Natural England (Record no. 120526)
[ view plain ]
| 000 -LEADER | |
|---|---|
| fixed length control field | 01114cam a2200181 4500 |
| 001 - CONTROL NUMBER | |
| control field | ##WS135435 |
| 008 - FIXED-LENGTH DATA ELEMENTS--GENERAL INFORMATION | |
| fixed length control field | 061026n 000 0 eng u |
| 035 ## - SYSTEM CONTROL NUMBER | |
| System control number | (Sirsi) u135435 |
| 041 0# - LANGUAGE CODE | |
| Language code of text/sound track or separate title | eng |
| 110 2# - MAIN ENTRY--CORPORATE NAME | |
| Corporate name or jurisdiction name as entry element | Natural England |
| 9 (RLIN) | 5071 |
| 245 00 - TITLE STATEMENT | |
| Title | Natural England |
| 520 ## - SUMMARY, ETC. | |
| Summary, etc. | Natural England is a new flagship environmental organisation launched on 2 October 2006, bringing together English Nature, the Countryside Agency's Landscape, Access and Recreation division, and the Rural Development Service's environment activities. Natural England is responsible for ensuring that England's unique natural environment, including its land, flora and fauna, freshwater and marine environments, geology and soils, are protected and improved. It also has responsibility to help people enjoy, understand and access the natural environment. |
| 590 ## - LOCAL NOTE (RLIN) | |
| Local note | IKA311006 |
| 651 #4 - SUBJECT ADDED ENTRY--GEOGRAPHIC NAME | |
| Geographic name | England |
| Chronological subdivision | 886- |
| 690 ## - LOCAL SUBJECT ADDED ENTRY--TOPICAL TERM (OCLC, RLIN) | |
| Topical term or geographic name as entry element | ENVIRONMENTAL AND LAND CONSULTANCY-ENVIRONMENTAL MANAGEMENT-ENVIRONMENTAL CONSERVATION |
| 856 40 - ELECTRONIC LOCATION AND ACCESS | |
| Uniform Resource Identifier | <a href="https://www.naturalengland.org.uk/">https://www.naturalengland.org.uk/</a> |
| Public note | View the website free of charge at www.naturalengland.org.uk... |
| 942 ## - ADDED ENTRY ELEMENTS (KOHA) | |
| Suppress in OPAC | 0 |
| Withdrawn status | Lost status | Source of classification or shelving scheme | Damaged status | Not for loan | Home library | Current library | Shelving location | Date acquired | Total Checkouts | Full call number | Barcode | Date last seen | Copy number | Price effective from | Koha item type |
|---|---|---|---|---|---|---|---|---|---|---|---|---|---|---|---|
| Dewey Decimal Classification | Virtual | Virtual | Online | 26/10/2006 | WEB SITE | 135435-2001 | 06/08/2019 | 1 | 06/08/2019 | Online material |